| 000 | 01092nam0a22003011 4500 | ||
|---|---|---|---|
| 001 | RU\INGAK2\INFOCOMM_61\5000123733 | ||
| 005 | 20250625203148.0 | ||
| 035 | _a(NLR Aleph) 011069137 | ||
| 090 |
_a11269444 _c11269444 |
||
| 100 | _a20160212d1986 |||y0rusy50 ca | ||
| 101 | 1 |
_aspa _crus |
|
| 102 | _aRU | ||
| 105 | _ay z|||| | ||
| 200 | 1 |
_aLa ideología y la cultura socialistas _e[Colección] _fV. I. Lenin |
|
| 205 | _aReimpr. | ||
| 210 |
_aM. _cProgress _d1986 |
||
| 215 | _a221 с. | ||
| 225 | 1 |
_aObras _fMarx, Engels, Lenin |
|
| 300 | _aЗаглавие оригинала: О социалистической идеологии и культуре: [Сборник ] | ||
| 454 | 0 |
_12001#$aО социалистической идеологии и культуре _tО социалистической идеологии и культуре |
|
| 620 | _aМосква | ||
| 686 |
_aМ-Л1-64 _2rubbk |
||
| 700 | 1 |
_aLenin _bV. I. _f1870-1924 _gVladimir Il'ič |
|
| 801 | 1 |
_aRU _bInfoComm _c20130109 |
|
| 801 | 0 |
_aRU _bNLR _gPSBO |
|
| 852 |
_aNLR _jЛ 112-сб/19-6 |
||
| 942 | _cBOOK | ||
| 980 | _aNB | ||